| 000 | 00857nam a2200265 i 4500 | ||
|---|---|---|---|
| 001 | 13719 | ||
| 003 | ES-MaACL | ||
| 005 | 20230906150641.0 | ||
| 007 | t| | ||
| 008 | 980610s1988 xxu ||||1| eng d | ||
| 020 | _a0-300-04745-2 | ||
| 080 | _a613.885 | ||
| 100 | 1 |
_aFriedman, Richard C. _952638 |
|
| 245 | 1 | 0 |
_aMale homosexuality _b: a contemporary psychoanalytic perspective / _cRichard C. Friedman ; with a foreword by Roger A. MacKinnon. |
| 260 |
_aNew Haven [etc.] : _bYale University Press, _ccop. 1988. |
||
| 300 |
_aXVI, 296 p. ; _c24 cm. |
||
| 490 | 1 | _aPsychology. Gay studies | |
| 500 | _3Indice | ||
| 504 | _aBibliografía: p.275-288. | ||
| 650 | 1 | 4 |
_aHomosexualidad. _913469 |
| 700 | 1 |
_aMacKinnon, Roger A. _975260 |
|
| 830 | 0 |
_aPsychology. Gay studies _9228450 |
|
| 852 |
_aES-MaACL _jL-21049 _bR.118583 |
||
| 999 |
_c13719 _d13719 |
||